Facts about the city of Bath - Statistics

General Stats
  • This quiz has been taken 41 times
    32 since last reset
  • The average score is 10 of 12
Answer Stats
Question Answer % Correct
How many Universities are in Bath 2
100%
How many cities is Bath twinned with 4
100%
How many English rugby Premierships have Bath Rugby won 6
97%
How many parks are in Bath 8
97%
What river flows through Bath Avon
97%
How many secondary schools are in Bath (Private and Public) 12
90%
What county of England is Bath in Somerset
83%
How many people (to the nearest 10,000) live in Bath 90,000
76%
What was Bath known as by the Romans Aquae Sulis
69%
Where do Bath Rugby play their home games The Rec
69%
Which winter Olympic sport has a women from Bath won the last 2 Olympic gold medals as of 2016 Skeleton
52%
What group of hills are near to Bath The Cotswolds
34%
No matching quizzes found
Score Distribution
Percent of People with Each Score
Percentile by Number Answered
Your Score History
You have not taken this quiz since the last reset